Tampereen lukiot - Statistics

Yleistilastot
  • Tätä visaa on pelattu 456 kertaa
    156 viimeisimmän päivityksen jälkeen
  • Keskiarvotulos 8 / 12
Vastaustilastot
Lukio % Oikein
Sammon keskuslukio
87%
Kalevan lukio
85%
Tampereen lyseon lukio
85%
Tampereen klassillinen lukio
79%
Tammerkosken lukio
77%
Tampereen yhteiskoulun lukio
75%
Tampereen yliopiston normaalikoulu
65%
Tampereen teknillinen lukio
57%
Pyynikin lukio
55%
Tampereen steinerkoulun lukio
49%
Svenska samskolan i Tammerfors
36%
Tampereen aikuislukio
25%
Ehtoja vastaavia visoja ei löytynyt
Tulosjakauma
Jokaisen tuloksen saaneiden osuus
Persentiili vastausten määrän mukaan
Tuloshistoriasi
Et ole pelannut tätä visaa sen viimeisimmän päivityksen jälkeen